| 000 | 00635nam a22002057a 4500 | ||
|---|---|---|---|
| 999 |
_c6521 _d6521 |
||
| 003 | OSt | ||
| 005 | 20200129130327.0 | ||
| 008 | 200129b ||||| |||| 00| 0 eng d | ||
| 020 | _a185856087x | ||
| 040 | _c040a | ||
| 082 |
_a305.068 _bGEN 1998 |
||
| 245 |
_aGender and management issues in education : _ban international perspective / _cPat Drake, Patricia Owen |
||
| 260 |
_aStaffordshire _bTrentham Books _c1998 |
||
| 300 |
_axvi, 145p; _c11 cm. |
||
| 504 | _aIncludes bibliographical references and index | ||
| 650 | _2Gender management | ||
| 700 |
_aDrake, Pat _913391 |
||
| 700 |
_aOwen, Patricia _913392 |
||
| 942 |
_2ddc _cO_SHELF |
||